|
|
|
|
| LEADER |
04611nam a22004337a 4500 |
| 001 |
44155 |
| 003 |
BD-DhAAL |
| 005 |
20251021103414.0 |
| 008 |
250227r20091972ii a|||| |||| 001 0 eng d |
| 020 |
|
|
|a 9780070995734
|
| 020 |
|
|
|a 0070995737
|
| 040 |
|
|
|a BD-DhAAL
|c BD-DhAAL
|
| 082 |
|
|
|a 621.19
|
| 100 |
|
|
|a Skrotzki, Bernhardt G. A.
|9 57779
|
| 245 |
|
|
|a Power station engineering and economy /
|c Bernhardt G. A. Skrotzki, William A. Vopat.
|
| 250 |
|
|
|a Second edition of applied energy conversion.
|
| 260 |
|
|
|a New Delhi :
|b Tata McGraw-Hill,
|c 1972 [Thirty first reprinted 2009].
|
| 300 |
|
|
|a x, 751 pages :
|b illustrations ;
|c 22 cm
|
| 504 |
|
|
|a Includes bibliographical references and index.
|
| 526 |
|
|
|x Shahidul Islam Khan, PhD
Professor
Department of Electrical and Electronic Engineering
Course Name and No. : Power Plant engineering(EEE423)
|
| 541 |
|
|
|a Karim International
|e 44155, 44156, 44157, 44158, 44159, 44160, 44161, 44162, 44163, 44164
|
| 650 |
|
|
|a Power-plants.
|
| 650 |
|
|
|a Mechanical engineering
|x Estimates and costs.
|9 57817
|
| 650 |
|
|
|a Electric power-plants.
|9 40549
|
| 650 |
|
|
|a Steam-boilers.
|9 57818
|
| 650 |
|
|
|a Heating.
|9 32251
|
| 700 |
|
|
|a Vopat, William A.
|9 57819
|
| 942 |
|
|
|2 ddc
|c BK
|
| 999 |
|
|
|c 47240
|d 47240
|
| 952 |
|
|
|0 0
|1 0
|2 ddc
|4 0
|6 621_190000000000000_SKR
|7 0
|9 77403
|a BRACUL
|b BRACUL
|c GEN
|d 2025-02-18
|e Karim International
|g 2190.00
|l 0
|o 621.19 SKR
|p 3010044156
|r 2025-02-18
|t 2
|v 2190.00
|w 2025-02-18
|y BK
|x Requisitioned by Dr. Shahidul Islam Khan for the course named Power Plant engineering ‘’(EEE423)’’ ; The book was placed on a one-hour loan, but since it's not in high demand now, it has been moved to the General Stacks on 23 October 2025.
|
| 952 |
|
|
|0 0
|1 0
|2 ddc
|4 0
|6 621_190000000000000_SKR
|7 0
|9 77404
|a BRACUL
|b BRACUL
|c GEN
|d 2025-02-18
|e Karim International
|g 2190.00
|l 0
|o 621.19 SKR
|p 3010044157
|r 2025-02-18
|t 3
|v 2190.00
|w 2025-02-18
|y BK
|x Requisitioned by Dr. Shahidul Islam Khan for the course named Power Plant engineering ‘’(EEE423)’’
|
| 952 |
|
|
|0 0
|1 0
|2 ddc
|4 0
|6 621_190000000000000_SKR
|7 0
|9 77405
|a BRACUL
|b BRACUL
|c GEN
|d 2025-02-18
|e Karim International
|g 2190.00
|l 1
|m 14
|o 621.19 SKR
|p 3010044158
|r 2025-05-22
|s 2025-03-10
|t 4
|v 2190.00
|w 2025-02-18
|y BK
|x Requisitioned by Dr. Shahidul Islam Khan for the course named Power Plant engineering ‘’(EEE423)’’
|
| 952 |
|
|
|0 0
|1 0
|2 ddc
|4 0
|6 621_190000000000000_SKR
|7 0
|9 77406
|a BRACUL
|b BRACUL
|c GEN
|d 2025-02-18
|e Karim International
|g 2190.00
|l 0
|o 621.19 SKR
|p 3010044163
|r 2025-02-18
|t 9
|v 2190.00
|w 2025-02-18
|y BK
|x Requisitioned by Dr. Shahidul Islam Khan for the course named Power Plant engineering ‘’(EEE423)’’
|
| 952 |
|
|
|0 0
|1 0
|2 ddc
|4 0
|6 621_190000000000000_SKR
|7 0
|9 77407
|a BRACUL
|b BRACUL
|c GEN
|d 2025-02-18
|e Karim International
|g 2190.00
|l 1
|m 1
|o 621.19 SKR
|p 3010044160
|r 2025-12-18
|s 2025-10-20
|t 6
|v 2190.00
|w 2025-02-18
|y BK
|x Requisitioned by Dr. Shahidul Islam Khan for the course named Power Plant engineering ‘’(EEE423)’’
|
| 952 |
|
|
|0 0
|1 0
|2 ddc
|4 0
|6 621_190000000000000_SKR
|7 0
|9 77408
|a BRACUL
|b BRACUL
|c GEN
|d 2025-02-18
|e Karim International
|g 2190.00
|l 0
|o 621.19 SKR
|p 3010044159
|r 2025-02-18
|t 5
|v 2190.00
|w 2025-02-18
|y BK
|x Requisitioned by Dr. Shahidul Islam Khan for the course named Power Plant engineering ‘’(EEE423)’’
|
| 952 |
|
|
|0 0
|1 0
|2 ddc
|4 0
|6 621_190000000000000_SKR
|7 0
|9 77409
|a BRACUL
|b BRACUL
|c GEN
|d 2025-02-18
|e Karim International
|g 2190.00
|l 1
|m 2
|o 621.19 SKR
|p 3010044164
|r 2025-11-19
|s 2025-10-20
|t 10
|v 2190.00
|w 2025-02-18
|y BK
|x Requisitioned by Dr. Shahidul Islam Khan for the course named Power Plant engineering ‘’(EEE423)’’
|
| 952 |
|
|
|0 0
|1 0
|2 ddc
|4 0
|6 621_190000000000000_SKR
|7 0
|9 77410
|a BRACUL
|b BRACUL
|c GEN
|d 2025-02-18
|e Karim International
|g 2190.00
|l 0
|o 621.19 SKR
|p 3010044155
|r 2025-02-18
|t 1
|v 2190.00
|w 2025-02-18
|y BK
|x Requisitioned by Dr. Shahidul Islam Khan for the course named Power Plant engineering ‘’(EEE423)’’ ; The book was placed on a one-hour loan, but since it's not in high demand now, it has been moved to the General Stacks on 23 October 2025.
|
| 952 |
|
|
|0 0
|1 0
|2 ddc
|4 0
|6 621_190000000000000_SKR
|7 0
|9 77411
|a BRACUL
|b BRACUL
|c GEN
|d 2025-02-18
|e Karim International
|g 2190.00
|l 0
|o 621.19 SKR
|p 3010044161
|r 2025-02-18
|t 7
|v 2190.00
|w 2025-02-18
|y BK
|x Requisitioned by Dr. Shahidul Islam Khan for the course named Power Plant engineering ‘’(EEE423)’’
|
| 952 |
|
|
|0 0
|1 0
|2 ddc
|4 0
|6 621_190000000000000_SKR
|7 0
|9 77412
|a BRACUL
|b BRACUL
|c GEN
|d 2025-02-18
|e Karim International
|g 2190.00
|l 1
|m 2
|o 621.19 SKR
|p 3010044162
|r 2025-11-16
|s 2025-10-20
|t 8
|v 2190.00
|w 2025-02-18
|y BK
|x Requisitioned by Dr. Shahidul Islam Khan for the course named Power Plant engineering ‘’(EEE423)’’
|